Hướng đẫn sử dụng một số nhạc cụ dân tộc Qua các bài bản cải lương
Saved in:
| Main Author: | |
|---|---|
| Format: | Book |
| Language: | Undetermined |
| Published: |
Hà Nội
Vụ Văn hóa quần chúng và Thư viện
1971
|
| Subjects: | |
| Tags: |
Add Tag
No Tags, Be the first to tag this record!
|
| Institutions: | Trung tâm Học liệu Trường Đại học Cần Thơ |
|---|
| LEADER | 00608nam a2200181Ia 4500 | ||
|---|---|---|---|
| 001 | CTU_9724 | ||
| 008 | 210402s9999 xx 000 0 und d | ||
| 082 | |a 780.9597 | ||
| 082 | |b L105 | ||
| 100 | |a Đinh Lan | ||
| 245 | 0 | |a Hướng đẫn sử dụng một số nhạc cụ dân tộc | |
| 245 | 0 | |b Qua các bài bản cải lương | |
| 245 | 0 | |c Đinh Lan, Sỹ Tiến | |
| 260 | |a Hà Nội | ||
| 260 | |b Vụ Văn hóa quần chúng và Thư viện | ||
| 260 | |c 1971 | ||
| 650 | |a musical instruments - vietnam | ||
| 980 | |a Trung tâm Học liệu Trường Đại học Cần Thơ | ||